Konjunkturní situace hospodářství vyspělých zemí a její výhled.
Analýza a prognóza konjunktúrnej situácie hospodárstva vyspelých krajín. Hospodárska situácia v USA, Japonsku, SRN, Veľkej Británii, Francúzsku a Taliansku. Vývoj konjunktúry a cien vybraných surovín na svetových trhoch, ako aj produkcie spracovateľského priemyslu na trhoch vyspelých krajín.
Guardado en:
| Formato: | Capítulo de libro |
|---|---|
| Lenguaje: | checo |
| Materias: | |
| Etiquetas: |
Sin Etiquetas, Sea el primero en etiquetar este registro!
|
MARC
| LEADER | 00000naa a2200000 4500 | ||
|---|---|---|---|
| 001 | r013656 | ||
| 005 | 20221205080043.3 | ||
| 041 | 0 | |a cze | |
| 044 | |a CZ | ||
| 245 | 1 | 0 | |a Konjunkturní situace hospodářství vyspělých zemí a její výhled. |
| 520 | |a Analýza a prognóza konjunktúrnej situácie hospodárstva vyspelých krajín. Hospodárska situácia v USA, Japonsku, SRN, Veľkej Británii, Francúzsku a Taliansku. Vývoj konjunktúry a cien vybraných surovín na svetových trhoch, ako aj produkcie spracovateľského priemyslu na trhoch vyspelých krajín. | ||
| 610 | 2 | 0 | |a rozvoj hospodársky |
| 610 | 2 | 0 | |a hospodárstvo národné |
| 610 | 2 | 0 | |a konjunktúra hospodárska |
| 610 | 2 | 0 | |a USA |
| 610 | 2 | 0 | |a Japonsko |
| 610 | 2 | 0 | |a Nemecko |
| 610 | 2 | 0 | |a Veľká Británia |
| 610 | 2 | 0 | |a Francúzsko |
| 610 | 2 | 0 | |a Taliansko |
| 610 | 2 | 0 | |a priemysel spracovateľský |